Les îles de la Méditerranée par images satellites - Statistiques

Statistiques générales
  • Ce quiz a été pris 283 fois
  • Le résultat moyen est 10 sur 16
Statistiques - réponses
Par images Réponse % Correct
Corse
100%
Chypre
99%
Sardaigne
98%
Sicile
97%
Crète
90%
Malte
82%
Majorque
72%
Ibiza
66%
Minorque
59%
Rhodes
48%
Djerba
36%
Corfou
32%
Lesbos
32%
Eubée
24%
Krk
17%
Capri
10%
Aucun quiz correspondant
Distribution des résultats
% des personnes avec chaque résultat
Percentile par nombre de réponses
Votre historique - résultats
Vous n’avez pas pris ce quiz